000 00865nam a2200229Ia 4500
999 _c35003
_d35003
001 841
003 GE_BSU
005 20220504135113.0
008 181216s2003||||rus|||||||||||||| ||ru ||
020 _a5060042367
040 _cGE_BSU
041 _aru
080 _a821.161.1.09 Б-92
100 _aБуслакова, Т.П.
_913707
245 _aЛитература русского зарубежья :
_b Курс лекций /
_cТ.П. Буслакова.
264 _aМосква :
_bВысш. шк.,
_c2003.
300 _a366 с.;
_b21 см.
522 _aБиблиогр. в конце гл.
653 _aЛитература русского зарубежья.
653 _aრუსული ლიტერატურის ისტორია და კრიტიკა -- ლექციების კურსი
942 _cBK
_2udc